000 01092nam a22001457a 4500
082 _a894.812.3
_bSAN/P
100 _aSANTHOSHKUMAR,V
245 _aPAVAKALUDE VEEDU
246 _aPAVAKALUDE VEEDU
_bPAVAKALUDE VEEDU
260 _aKOTTAYAM,INDIA
_bD C
_c2022
300 _a182
520 _aസമകാലിക മലയാളകഥയിൽ മൗലികമായൊരു ഇടത്തിന് ഉടമയായ ഇ. സന്തോഷ് കുമാറിന്റെ ഏറ്റവും പുതിയ സമാഹാരം. കഴിഞ്ഞ മൂന്നു വർഷങ്ങൾക്കുള്ളിൽ എഴുതപ്പെട്ട ഏഴു കഥകളാണ് ഈ പുസ്തകത്തിൽ നാട്ടിലും പുറത്തുമുള്ള അനുഭവങ്ങൾ ഈ കഥകൾക്കു പ്രചോദനമായിരിക്കുന്നു. നാരകങ്ങളുടെ ഉപമയ്ക്കു ശേഷമുള്ള കഥകളുടെ സമാഹാരം
650 _aMALAYALAM STORIES
942 _cBK
999 _c8578
_d8578